Derecho público /
Guardado en:
| Formato: | Libro |
|---|---|
| Idioma: | Spanish |
| Publicado: |
Buenos Aires :
Ciudad argentina,
1998.
|
| Edición: | 2a. ed. |
| Materias: | |
| Etiquetas: |
Agregar Etiqueta
Sin Etiquetas, Sea el primero en etiquetar este registro!
|
| LEADER | 00686nam a22001935a 4500 | ||
|---|---|---|---|
| 001 | DER.der007531 | ||
| 008 | 180615s1998####ag#||||||||||||||#||spa|| | ||
| 005 | 20241106102755.0 | ||
| 245 | 1 | 0 | |a Derecho público / |c dirigido por Jorge Sarmiento García. |
| 250 | |a 2a. ed. | ||
| 260 | |a Buenos Aires : |b Ciudad argentina, |c 1998. | ||
| 300 | |a 739 p. | ||
| 500 | |a Teoría del Estado y de la Constitución. Derecho constitucional. Derecho Administrativo. | ||
| 020 | |a 9875070483 | ||
| 700 | 1 | |a Sarmiento García, Jorge, |e dir. | |
| 650 | 7 | |a DERECHO ADMINISTRATIVO | |
| 650 | 7 | |a DERECHO CONSTITUCIONAL | |
| 859 | |a DERECHO |b BIB. DERECHO |h 342 |i SAR |p 005783 | ||
| 859 | |a DERECHO |b BIB. DERECHO |h 342 |i SAR |p 006632 |t 1 | ||
